|
|
|
|
| LEADER |
00000cam a22000004a 4500 |
| 001 |
13944294 |
| 003 |
CL-VaPUC |
| 005 |
20240126132453.0 |
| 008 |
050427s2005 gw a b 110 0 eng |
| 999 |
|
|
|c 442941
|d 442939
|
| 010 |
|
|
|a 2005926640
|
| 020 |
|
|
|a 3540245472 (hardcover : alk. paper)
|
| 040 |
|
|
|a DLC
|c Pontificia Universidad Católica de Valparaíso
|d DLC
|
| 042 |
|
|
|a pcc
|
| 082 |
0 |
0 |
|a 005.1 BOE 2005
|2 22
|
| 100 |
1 |
|
|a Boehm, Barry W.
|e editor
|9 887086
|
| 245 |
0 |
0 |
|a Foundations of empirical software engineering.
|b The legacy of Victor R. Basili.
|
| 260 |
|
|
|a Berlin,Germany;
|a New York,USA :
|b Springer,
|c 2005.
|
| 300 |
|
|
|a ix, 431 páginas.
|
| 500 |
|
|
|a Collected reprints of papers of V.R. Basili, with introductions, developed for a symposium in his honor held at the International Conference on Software Engineering, St. Louis, Missouri, May 2005.
|
| 500 |
|
|
|a c.1. Donación Prof. Sandra Cano Mazuera / Esc. Ing. Informática 20-12-2023
|
| 583 |
|
|
|c 20240110
|k GC
|
| 650 |
|
0 |
|a Ingeniería de software
|v Congresos
|9 887087
|
| 700 |
1 |
|
|a Rombach, H. Dieter.
|e editor
|9 887088
|
| 700 |
1 |
|
|a Zelkowitz, Marvin V.,
|d 1945-
|e editor
|9 887089
|
| 942 |
|
|
|2 ddc
|c BK
|
| 955 |
|
|
|a pc17 2005-04-27;
|c jf03 2005-10-12 to Subj.
|a jf00 2005-10-13
|a aa23 2005-12-15
|
| 952 |
|
|
|0 0
|1 0
|2 ddc
|4 0
|6 005_100000000000000_BOE_2005
|7 0
|8 A
|9 593239
|a BIBING
|b BIBING
|d 2024-01-10
|e Donación
|i 5660048
|o 005.1 BOE 2005
|p 5660048
|r 2024-01-10
|t 1
|w 2024-01-10
|y BK
|k CCI
|